000 01871nam0a2200421 4500
001 RU\NLR\BIBL_A\022099980
005 20260408213843.0
010 _a978-5-9973-6451-9
_9300
035 _a(RuMoRGB)012367726
035 _a(NLR Aleph) 022099980
090 _a12743436
_c12743436
100 _a20231220d2022 |||y0rusy50 ca
101 0 _arus
102 _aRU
105 _aа z 000yy
181 0 _ai
_baxxe
182 0 _an
200 1 _aКаталитическая переработка диоксида углерода в синтетическое топливо
_fК. А. Воробьев, Т. В. Чекушина
203 _aТекст
_bвизуальный
_cнепосредственный
210 _aМосква
_cСпутник+
_d2022
215 _a119 с.
_cил., табл.
_d21
320 _aБиблиогр.: с. 108-117 (93 назв.)
606 1 _aОкись углерода-водород, смеси
_xПроизводство
_92506657
_3RU\NLR\AUTH\661486317
606 1 _aНефтяные газы попутные
_xПереработка
_92620020
_3RU\NLR\AUTH\661556580
606 1 _aНанокатализаторы
_92561656
_3RU\NLR\AUTH\6601727521
606 1 _aЖидкое топливо
_xСинтез
_91137329
_3RU\NLR\AUTH\66133630
606 _aУглекислый газ
_xУтилизация
_3RU\NLR\AUTH\6601724016
_92553946
675 _a66.097
_v4
686 1 _aЛ534.7
686 1 _aЛ547.1
686 1 _aЛ265.210.3
686 1 _aЛ55
700 1 _aВоробьев
_bК. А.
_cспециалист в обл. нефтегазового дела
_gКирилл Александрович
_9196767
_3RU\NLR\AUTH\770196818
701 1 _aЧекушина
_bТ. В.
_gТатьяна Владимировна
942 _cBOOK
980 _aNB